|
|
|
|
| LEADER |
01178cam a2200337 7i4500 |
| 001 |
0000070956 |
| 005 |
20240403090000.0 |
| 008 |
240403t2014 my a e #00 may |
| 020 |
# |
# |
|a 9789673662340
|
| 040 |
# |
# |
|a BK
|
| 041 |
1 |
# |
|a may
|
| 082 |
0 |
4 |
|a 297.63
|
| 090 |
0 |
0 |
|a 297.63
|b MAG f
|
| 100 |
1 |
# |
|a Maghluth, Sami 'Abd Allah,
|e author.
|
| 245 |
1 |
0 |
|a Atlas RASULULLAH S.A.W. /
|c Sami bin Abdullah bin Al-Maghluts.
|
| 264 |
# |
1 |
|a Batu Caves, Selangor
|b PTS ISLAMIKA SDN. BHD.
|c 2014
|
| 264 |
# |
4 |
|c ♭2014
|
| 300 |
# |
# |
|a xi, 428 pages:
|b colour illustrations,colour photographs,colour maps;
|c 29 cm.
|
| 336 |
# |
# |
|a text
|2 rdacontent
|
| 337 |
# |
# |
|a unmediated
|2 rdamedia
|
| 338 |
# |
# |
|a volume
|2 rdacarrier
|
| 504 |
# |
# |
|a Bibliography: pages 426-428
|
| 546 |
# |
# |
|a Text in Malay, translated from Arabic
|
| 599 |
# |
# |
|a LULUS
|
| 600 |
0 |
0 |
|a Muhammad,,
|c Prophet,,
|d -632
|
| 650 |
1 |
0 |
|a Islam --
|x History --
|z Arabian Peninsula
|
| 700 |
1 |
# |
|a Maghluth, Sami 'Abd Allah
|
| 765 |
0 |
# |
|a Maghluth, Sami 'Abd Allah
|t al-Atlas al-tarikhi li-sirat al-Rasul.
|d Saudi Arabia : Obeikan Publishing
|
| 997 |
# |
# |
|a BK
|
| 998 |
# |
# |
|a 1000072670
|
| 999 |
|
|
|a 1000072670
|b BOOK
|c Main Non-Fiction
|e INTAN Bukit Kiara
|